[Event "2BLW 2324 Aachener SV - SG Porz"]
[Site "?"]
[Date "2024.02.24"]
[Round "7.6"]
[White "Piceu, Tom"]
[Black "Marcziter, Dmitrii"]
[Result "1/2-1/2"]
[WhiteElo "2311"]
[BlackElo "2187"]
[PlyCount "109"]
[EventDate "2024.??.??"]

1. d4 Nf6 2. c4 g6 3. Nc3 Bg7 4. e4 d6 5. f4 O-O 6. Nf3 c5 7. d5 e6 8. Be2 exd5 9. cxd5 Bg4 10. O-O a6 11. a4 Nbd7 12. h3 Bxf3 13. Bxf3 Re8 14. Re1 Rb8 15. a5 b5 16. axb6 Rxb6 17. Qd3 Qc8 18. Re2 Re7 19. Be3 Ne8 20. Bf2 Nc7 21. e5 Nb5 22. Na4 Rb8 23. Rc1 Qf8 24. e6 fxe6 25. dxe6 Qxf4 26. Be3 Bd4 27. Rc4 Ne5 28. Rxd4 cxd4 29. Bxf4 Nxd3 30. Bg5 Rbe8 31. Bxe7 Rxe7 32. Nb6 Ne5 33. Nd5 Ra7 34. Be4 Kg7 35. e7 Ra8 36. Nf6 Kxf6 37. Bxa8 Kxe7 38. Be4 Ke6 39. Kf2 d5 40. Bd3 Kd6 41. Bxb5 axb5 42. Rc2 d3 43. Rc8 d4 44. Ke1 h5 45. Kd2 Kd5 46. b3 Kd6 47. b4 Kd5 48. h4 Ke4 49. Re8 Kd5 50. Re7 Ke4 51. Re6 Kd5 52. Re8 Ke4 53. g3 Kd5 54. Re7 Ke4 55. Re8 1/2-1/2

[Event "2BLW 2324 Aachener SV - SG Porz"]
[Site "?"]
[Date "2024.02.24"]
[Round "7.7"]
[White "Perkampus, Laurin"]
[Black "Sonntag, Hans-Hubert"]
[Result "1/2-1/2"]
[WhiteElo "2132"]
[BlackElo "2283"]
[PlyCount "49"]
[EventDate "2024.??.??"]

1. d4 Nf6 2. c4 e6 3. Nc3 Bb4 4. f3 c5 5. d5 b5 6. e4 bxc4 7. Bxc4 exd5 8. Bxd5 Nxd5 9. Qxd5 Nc6 10. Bf4 O-O 11. Nge2 Ba6 12. Kf2 Ba5 13. a3 Qb6 14. Be3 Nd4 15. b4 Bxe2 16. Nxe2 Nxe2 17. Kxe2 Qa6+ 18. Kf2 Bc7 19. Bxc5 Rfe8 20. Rhd1 Qh6 21. Bd6 Bb6+ 22. Bc5 Bc7 23. Bd6 Bb6+ 24. Bc5 Bc7 25. Bd6 1/2-1/2

[Event "2BLW 2324 Aachener SV - SG Porz"]
[Site "?"]
[Date "2024.02.24"]
[Round "7.8"]
[White "Meessen, Rudolf"]
[Black "Mohammadi Nia, Borna"]
[Result "1-0"]
[WhiteElo "2168"]
[BlackElo "2159"]
[PlyCount "39"]
[EventDate "2024.??.??"]

1. d4 Nf6 2. Nc3 d5 3. Bf4 g6 4. e3 Bg7 5. h4 c5 6. Nb5 Na6 7. c3 O-O 8. h5 gxh5 9. Bd3 c4 10. Bb1 Qd7 11. a4 Qg4 12. Nf3 Ne4 13. Kf1 Bf5 14. Rh4 Qg6 15. Rh2 Bg4 16. Qe1 Qe6 17. Nh4 Bh6 18. f3 Bxf4 19. exf4 Qf6 20. g3 1-0

[Event "2BLW 2324 Düsseldorfer SK - SC Siegburg"]
[Site "?"]
[Date "2024.02.24"]
[Round "7.1"]
[White "Hoffmann, Michael"]
[Black "Dominguez Perez, Leinier"]
[Result "0-1"]
[WhiteElo "2404"]
[BlackElo "2752"]
[PlyCount "70"]
[EventDate "2024.??.??"]

1. e4 c5 2. Nf3 d6 3. d4 cxd4 4. Nxd4 Nf6 5. Nc3 a6 6. Be3 e5 7. Nf3 Be7 8. h3 Qc7 9. g4 h6 10. g5 hxg5 11. Nxg5 b5 12. Nd5 Nxd5 13. Qxd5 Bxg5 14. Bxg5 Bb7 15. Qd3 Nd7 16. O-O-O Rc8 17. f3 Nc5 18. Qe2 Ne6 19. Be3 f5 20. Qg2 f4 21. Bg1 O-O 22. Rh2 Qa5 23. Kb1 d5 24. Qg4 Rfe8 25. exd5 Bxd5 26. b3 Rcd8 27. Bd3 Bc4 28. Rhd2 Bxd3 29. Rxd3 Rxd3 30. Rxd3 Qe1+ 31. Kb2 Qg3 32. Qf5 Qxg1 33. Rd7 Nd8 34. Qh5 Rf8 35. Qxe5 Qg6 0-1

[Event "2BLW 2324 Düsseldorfer SK - SC Siegburg"]
[Site "?"]
[Date "2024.02.24"]
[Round "7.2"]
[White "Erigaisi Arjun"]
[Black "Kovchan, Alexander"]
[Result "1-0"]
[WhiteElo "2738"]
[BlackElo "2482"]
[PlyCount "79"]
[EventDate "2024.??.??"]

1. d4 Nf6 2. Bf4 g6 3. Nc3 d5 4. e3 c6 5. h4 h5 6. Nf3 Bg4 7. Qd2 Bxf3 8. gxf3 e6 9. e4 Nbd7 10. O-O-O Qa5 11. a3 O-O-O 12. Kb1 b5 13. Bg5 dxe4 14. fxe4 b4 15. axb4 Bxb4 16. f3 Kb7 17. Qd3 Rb8 18. Na2 Ka8 19. Nxb4 Rxb4 20. b3 Qb6 21. Qc3 Rb8 22. Kb2 a5 23. Ra1 e5 24. dxe5 Nc5 25. Be3 Nfd7 26. Bh3 Qb5 27. Bxd7 Nxd7 28. Rxa5+ Qxa5 29. Qxc6+ R8b7 30. Ra1 Qxa1+ 31. Kxa1 R4b5 32. Qa6+ Kb8 33. e6 fxe6 34. Qxe6 Ra5+ 35. Kb1 Ka8 36. f4 Nb8 37. Qxg6 Rd7 38. e5 Ra6 39. e6 Re7 40. f5 1-0

[Event "2BLW 2324 Düsseldorfer SK - SC Siegburg"]
[Site "?"]
[Date "2024.02.24"]
[Round "7.3"]
[White "Omelja, Artem"]
[Black "Van Foreest, Jorden"]
[Result "0-1"]
[WhiteElo "2438"]
[BlackElo "2668"]
[PlyCount "100"]
[EventDate "2024.??.??"]

1. Nf3 Nf6 2. c4 g6 3. Nc3 Bg7 4. d4 d6 5. e4 Bg4 6. Be3 O-O 7. Be2 e5 8. d5 Ne8 9. h4 Na6 10. Qd2 Bxf3 11. Bxf3 f5 12. Qe2 Nf6 13. g4 f4 14. Bd2 h6 15. g5 hxg5 16. hxg5 Nh7 17. Bg4 Nxg5 18. f3 Bf6 19. O-O-O Kg7 20. Be1 Rh8 21. Bf2 Qe7 22. a3 Nf7 23. b4 Bh4 24. Kb2 Bxf2 25. Qxf2 c5 26. dxc6 bxc6 27. Rhg1 Rab8 28. Kc2 Nc7 29. Bf5 Rh6 30. Qxa7 Ra8 31. Qb6 Ra6 32. Qb7 d5 33. exd5 Nd6 34. dxc6 Nxb7 35. cxb7 Rh2+ 36. Kb3 Qf8 37. Rd7+ Kh6 38. Be4 Qb8 39. b5 Rb6 40. a4 Na6 41. Rxg6+ Rxg6 42. bxa6 Rb6+ 43. Nb5 Re2 44. Rh7+ Kg5 45. Rg7+ Kh4 46. Bd5 e4 47. Rg8 Qe5 48. Kb4 Qd6+ 49. Kc3 Rxb5 50. axb5 Re3+ 0-1

[Event "2BLW 2324 Düsseldorfer SK - SC Siegburg"]
[Site "?"]
[Date "2024.02.24"]
[Round "7.4"]
[White "Bologan, Victor"]
[Black "Zavgorodniy, Sergiy"]
[Result "1-0"]
[WhiteElo "2585"]
[BlackElo "2401"]
[PlyCount "93"]
[EventDate "2024.??.??"]

1. e4 e5 2. Nf3 d6 3. d4 exd4 4. Qxd4 Nc6 5. Bb5 Bd7 6. Bxc6 Bxc6 7. Nc3 Nf6 8. Bg5 Be7 9. O-O-O O-O 10. Rhe1 h6 11. Bh4 Re8 12. h3 Nd7 13. Bxe7 Qxe7 14. Qd2 Nb6 15. Kb1 Qf6 16. b3 Rad8 17. Re3 d5 18. Rd3 Qd6 19. exd5 Bd7 20. Rd4 Bf5 21. Kb2 Bh7 22. g4 Re7 23. h4 Rde8 24. h5 c6 25. dxc6 Qxc6 26. Nh4 Qf6 27. Ng2 Qf3 28. Ne3 Qc6 29. a4 Qc5 30. a5 Nc8 31. Ncd5 Re4 32. f4 Rxd4 33. Qxd4 Qxd4+ 34. Rxd4 Nd6 35. f5 Kf8 36. Nc7 Rxe3 37. Rxd6 Ke7 38. Rxh6 gxh6 39. Nd5+ Kd6 40. Nxe3 Ke5 41. Kc3 Ke4 42. Nc4 Kf4 43. Kd4 Kxg4 44. Ke5 Kg5 45. Nd6 f6+ 46. Ke4 Kxh5 47. Kf4 1-0

[Event "2BLW 2324 Düsseldorfer SK - SC Siegburg"]
[Site "?"]
[Date "2024.02.24"]
[Round "7.5"]
[White "Dzierzenga, Stefan"]
[Black "Berelowitsch, Alexander"]
[Result "0-1"]
[WhiteElo "2135"]
[BlackElo "2487"]
[PlyCount "44"]
[EventDate "2024.??.??"]

1. e4 e6 2. Nf3 d5 3. e5 c5 4. b4 d4 5. bxc5 Bxc5 6. Ba3 Qa5 7. Bxc5 Qxc5 8. c3 Nc6 9. cxd4 Nxd4 10. Qa4+ Bd7 11. Qxd4 Qc1+ 12. Ke2 Bb5+ 13. Ke3 Bxf1 14. Qd3 Qc5+ 15. Qd4 Qxd4+ 16. Nxd4 Ba6 17. Nc3 Ne7 18. Rhc1 O-O 19. Ncb5 Rad8 20. Nc7 Nd5+ 21. Ke4 f5+ 22. exf6 Nxf6+ 0-1

[Event "2BLW 2324 Düsseldorfer SK - SC Siegburg"]
[Site "?"]
[Date "2024.02.24"]
[Round "7.6"]
[White "Orlov, Andrey"]
[Black "Albrecht, Oliver"]
[Result "1-0"]
[WhiteElo "2490"]
[BlackElo "2142"]
[PlyCount "97"]
[EventDate "2024.??.??"]

1. e4 c6 2. Nf3 d5 3. Nc3 Bg4 4. h3 Bxf3 5. Qxf3 e6 6. Be2 Nd7 7. O-O dxe4 8. Nxe4 Ngf6 9. d4 Nxe4 10. Qxe4 Nf6 11. Qd3 Be7 12. c3 O-O 13. a4 a5 14. Re1 Qc7 15. Bf3 Rfd8 16. Qe2 Rd7 17. g3 Rad8 18. Kg2 Nd5 19. h4 Nf6 20. Bf4 Bd6 21. Bg5 Be7 22. Rad1 h6 23. Bf4 Bd6 24. Bc1 Be7 25. Qc4 Qb6 26. Re5 Bd6 27. Re2 Be7 28. Rde1 Nd5 29. Re5 c5 30. dxc5 Bxc5 31. Qe2 Qc7 32. Qb5 b6 33. R5e4 Qd6 34. Qc4 Kh8 35. Rd1 Qe7 36. Ree1 Nf6 37. Rxd7 Rxd7 38. Bf4 Qd8 39. Re2 Nd5 40. Be5 Ne7 41. b4 axb4 42. cxb4 Bd6 43. Bb2 Qc7 44. Qg4 Ng6 45. Rxe6 Nxh4+ 46. Qxh4 fxe6 47. Qxh6+ Kg8 48. Qxe6+ Rf7 49. Qe8+ 1-0

[Event "2BLW 2324 Düsseldorfer SK - SC Siegburg"]
[Site "?"]
[Date "2024.02.24"]
[Round "7.7"]
[White "Schnellbacher, Jan Eric"]
[Black "Levin, Felix"]
[Result "0-1"]
[WhiteElo "1980"]
[BlackElo "2440"]
[PlyCount "72"]
[EventDate "2024.??.??"]

1. e4 c5 2. Nc3 e6 3. Bc4 a6 4. a3 b5 5. Ba2 Bb7 6. d3 Nf6 7. Nf3 d6 8. O-O Be7 9. Bg5 h6 10. Bh4 O-O 11. Qe2 Nc6 12. Rfe1 Rc8 13. Rac1 Qb6 14. h3 Rfe8 15. Nd1 Nd4 16. Nxd4 cxd4 17. f4 Nxe4 18. Bxe7 Rxe7 19. Nf2 Ng3 20. Qd2 e5 21. Kh2 Nh5 22. fxe5 dxe5 23. Ng4 Qd6 24. Kg1 Nf4 25. Re2 Nxe2+ 26. Qxe2 Qg6 27. Rf1 Kh7 28. Rf2 f6 29. Nh2 e4 30. dxe4 Bxe4 31. Bb1 d3 32. cxd3 Bxg2 33. Qxe7 Rc1+ 34. Nf1 Bd5+ 35. Kh2 Rxf1 36. d4 Rh1# 0-1

[Event "2BLW 2324 Düsseldorfer SK - SC Siegburg"]
[Site "?"]
[Date "2024.02.24"]
[Round "7.8"]
[White "Braun, Christian"]
[Black "Breest, Axel"]
[Result "1-0"]
[WhiteElo "2406"]
[BlackElo "1979"]
[PlyCount "89"]
[EventDate "2024.??.??"]

1. e4 d5 2. exd5 c6 3. d4 cxd5 4. Bd3 Nc6 5. c3 e5 6. dxe5 Nxe5 7. Qe2 Qe7 8. Bb5+ Bd7 9. Bxd7+ Kxd7 10. Be3 Nf6 11. Nf3 Nxf3+ 12. Qxf3 Qe4 13. Nd2 Qxf3 14. Nxf3 Bd6 15. O-O-O Rac8 16. Bxa7 Ra8 17. Bd4 Rxa2 18. Bxf6 gxf6 19. Kc2 Ra5 20. Rd2 Be5 21. Rhd1 Ke6 22. Nd4+ Bxd4 23. Rxd4 Rg8 24. g3 h5 25. Rb4 b5 26. Rbd4 Rd8 27. Re1+ Kf5 28. Red1 Ke6 29. Rh4 Rh8 30. Re1+ Kd6 31. Rf4 Rh6 32. h4 Ra7 33. Rf5 Rd7 34. Kd3 Rc7 35. b3 Rg6 36. Rxh5 b4 37. c4 dxc4+ 38. bxc4 Rg4 39. Rd5+ Kc6 40. Re8 b3 41. Rb8 Rb7 42. Rxb7 Kxb7 43. Rb5+ Kc6 44. Kc3 b2 45. Rxb2 1-0

[Event "2BLW 2324 SF Lieme - SV Koblenz"]
[Site "?"]
[Date "2024.02.24"]
[Round "7.1"]
[White "Sulskis, Sarunas"]
[Black "Niermann, Tristan"]
[Result "1-0"]
[WhiteElo "2485"]
[BlackElo "2424"]
[PlyCount "81"]
[EventDate "2024.??.??"]

1. e4 c5 2. Be2 Nc6 3. f4 d5 4. d3 e5 5. exd5 Qxd5 6. Nf3 exf4 7. Bxf4 Nf6 8. O-O Be7 9. Nc3 Qd8 10. Qe1 O-O 11. Qf2 Qb6 12. Ne5 Qxb2 13. Nxc6 bxc6 14. Qe1 c4 15. Be5 Nd7 16. Bd4 Bc5 17. Bxc5 Nxc5 18. d4 Ne6 19. Rb1 Qxc2 20. Bh5 h6 21. Rf2 Qh7 22. Rd1 a5 23. Qe5 Ra7 24. h4 g6 25. Bf3 Qg7 26. Bxc6 Bb7 27. Nb5 Bxc6 28. Nxa7 Ba4 29. Rc1 Rd8 30. Rxc4 Rxd4 31. Rc8+ Nf8 32. Rxf8+ Kxf8 33. Qb8+ Ke7 34. Re2+ Kd7 35. Qc8+ Kd6 36. Qd8+ Kc5 37. Qxa5+ Kd6 38. Nc8+ Kc6 39. Qc3+ Kd5 40. Nb6+ Kd6 41. Rd2 1-0

[Event "2BLW 2324 SF Lieme - SV Koblenz"]
[Site "?"]
[Date "2024.02.24"]
[Round "7.2"]
[White "Schuh, Dirk"]
[Black "Seul, Georg"]
[Result "0-1"]
[WhiteElo "2366"]
[BlackElo "2347"]
[PlyCount "112"]
[EventDate "2024.??.??"]

1. e4 c6 2. Nf3 d5 3. d3 Qc7 4. Nc3 dxe4 5. dxe4 e5 6. Bc4 b5 7. Bb3 h6 8. a4 b4 9. Ne2 Ba6 10. Nd2 Nf6 11. Ng3 Nbd7 12. Bc4 Bb7 13. O-O g6 14. Qf3 h5 15. Rd1 Be7 16. Ndf1 h4 17. Ne2 c5 18. Qb3 Rh7 19. f3 Nb6 20. Bb5+ Kf8 21. Ne3 c4 22. Bxc4 Bc5 23. Bd3 a5 24. Kh1 Rd8 25. c4 bxc3 26. Nxc3 Nh5 27. Bb5 Rd4 28. Ne2 Ng3+ 29. hxg3 hxg3+ 30. Kg1 Qd8 31. Nxd4 exd4 32. Kf1 Bc8 33. Ke2 Rh2 34. Qc2 Qe7 35. b3 dxe3 36. Rg1 Kg8 37. Bxe3 Bxe3 38. Kxe3 Nd5+ 39. Ke2 Bh3 40. Qd2 Bxg2 41. Qxd5 Qf6 42. Kd3 Bxf3 43. Ke3 Be2 44. Bxe2 Qf2+ 45. Kd3 Qxe2+ 46. Kd4 Qd2+ 47. Kc5 Qb4+ 48. Kc6 Rc2+ 49. Kd7 Rd2 50. Rgd1 Qb7+ 51. Ke8 Qc8+ 52. Ke7 Qc7+ 53. Ke8 Rxd5 54. exd5 Qd6 55. Rac1 g2 56. Rd3 Qe5+ 0-1

[Event "2BLW 2324 SF Lieme - SV Koblenz"]
[Site "?"]
[Date "2024.02.24"]
[Round "7.3"]
[White "Fritsche, Lutz"]
[Black "Wittke, Rene"]
[Result "0-1"]
[WhiteElo "2315"]
[BlackElo "2315"]
[PlyCount "70"]
[EventDate "2024.??.??"]

1. e4 c5 2. Nc3 Nc6 3. g3 g6 4. d3 Bg7 5. Bg2 e6 6. Be3 b6 7. Qd2 Nf6 8. Bh6 Bxh6 9. Qxh6 d5 10. Nf3 d4 11. Ne2 e5 12. O-O Qe7 13. c3 Bd7 14. b4 Ng4 15. Qd2 dxc3 16. Nxc3 Nxb4 17. Nd5 Nxd5 18. exd5 O-O 19. Rfe1 Qd6 20. h3 Nf6 21. Nxe5 Nxd5 22. Nc4 Qc6 23. Ne5 Qd6 24. Nc4 Qc6 25. Re5 Be6 26. Ne3 Rad8 27. Re1 c4 28. dxc4 Nxe3 29. Qxe3 Qxc4 30. Qh6 Qd4 31. h4 Qd2 32. R1e3 Rd3 33. Bf3 Rc8 34. h5 Rc2 35. Be2 Rxe3 0-1

[Event "2BLW 2324 SF Lieme - SV Koblenz"]
[Site "?"]
[Date "2024.02.24"]
[Round "7.4"]
[White "Bentel, Robin"]
[Black "Hammes, Michael"]
[Result "1/2-1/2"]
[WhiteElo "2194"]
[BlackElo "2330"]
[PlyCount "55"]
[EventDate "2024.??.??"]

1. d4 e6 2. c4 Nf6 3. Nf3 d5 4. Nc3 h6 5. g3 Bd6 6. Bg2 O-O 7. O-O Nc6 8. cxd5 exd5 9. Bf4 Ne7 10. Ne5 c6 11. Re1 Bf5 12. f3 c5 13. e4 Be6 14. Nb5 Bb8 15. dxc5 Qa5 16. Nd4 Qxc5 17. Kh1 dxe4 18. Nxe6 fxe6 19. Nd7 Nxd7 20. Qxd7 Bxf4 21. Qxe6+ Kh8 22. gxf4 Rxf4 23. Rxe4 Rxe4 24. fxe4 Nc6 25. e5 Qxe5 26. Qxe5 Nxe5 27. Bxb7 Rb8 28. Bd5 1/2-1/2

[Event "2BLW 2324 SF Lieme - SV Koblenz"]
[Site "?"]
[Date "2024.02.24"]
[Round "7.5"]
[White "Stewart, Neil"]
[Black "Krallmann, Matthias"]
[Result "0-1"]
[WhiteElo "2264"]
[BlackElo "2148"]
[PlyCount "88"]
[EventDate "2024.??.??"]

1. d4 d5 2. c4 dxc4 3. e3 Nf6 4. Bxc4 e6 5. Nf3 c5 6. O-O a6 7. dxc5 Bxc5 8. Qxd8+ Kxd8 9. Nbd2 Ke7 10. Be2 Rd8 11. Ne5 Bd6 12. Nd3 Nc6 13. Nc4 Bc7 14. b3 b5 15. Ba3+ Ke8 16. Bf3 Nd5 17. Rfd1 bxc4 18. bxc4 Ne5 19. cxd5 Nxf3+ 20. gxf3 Rxd5 21. Rac1 Rg5+ 22. Kf1 Bb6 23. f4 Ra5 24. Rc3 f6 25. Nb2 Bd7 26. Kg1 Rd5 27. Rcd3 Bc6 28. Nc4 Bc7 29. Bd6 Bxd6 30. Nxd6+ Ke7 31. Rxd5 Bxd5 32. Nf5+ Kf7 33. e4 Bxa2 34. Nd6+ Ke7 35. e5 Rb8 36. Rd2 Rb1+ 37. Kg2 Bd5+ 38. Kg3 Rg1+ 39. Kh3 fxe5 40. fxe5 g5 41. Rd4 h5 42. Nf5+ Kf7 43. Ne3 Bf3 44. Rb4 a5 0-1

[Event "2BLW 2324 SF Lieme - SV Koblenz"]
[Site "?"]
[Date "2024.02.24"]
[Round "7.6"]
[White "Stork, Holger"]
[Black "Doncevic, Dario"]
[Result "1/2-1/2"]
[WhiteElo "2126"]
[BlackElo "2234"]
[PlyCount "61"]
[EventDate "2024.??.??"]

1. e4 d5 2. exd5 Qxd5 3. Nc3 Qd6 4. d4 Nf6 5. Nf3 c6 6. h3 Bf5 7. Nh4 Be6 8. Be3 Nd5 9. Nxd5 cxd5 10. Bd3 Nc6 11. O-O g6 12. Qd2 Bg7 13. c3 O-O 14. Bh6 f6 15. Bxg7 Kxg7 16. Rae1 Bf7 17. f4 Rae8 18. Nf3 h6 19. Re2 a6 20. f5 g5 21. h4 Rg8 22. hxg5 hxg5 23. Nxg5 fxg5 24. Re6 Qg3 25. f6+ exf6 26. Rexf6 Bh5 27. R6f5 Kh6 28. Rf6+ Kg7 29. R6f5 Kh6 30. Rf6+ Kg7 31. R6f5 1/2-1/2

[Event "2BLW 2324 SF Lieme - SV Koblenz"]
[Site "?"]
[Date "2024.02.24"]
[Round "7.7"]
[White "Wolf, Volker"]
[Black "Erofeev, Anastasia"]
[Result "1/2-1/2"]
[WhiteElo "2233"]
[BlackElo "2022"]
[PlyCount "43"]
[EventDate "2024.??.??"]

1. e4 c5 2. Nf3 e6 3. b3 d6 4. d4 cxd4 5. Nxd4 a6 6. Bb2 Nf6 7. Nc3 b5 8. a3 Bb7 9. Bd3 Nbd7 10. Qd2 Nc5 11. f3 Be7 12. b4 Nxd3+ 13. cxd3 Nd7 14. Nb3 Ne5 15. Na5 Bh4+ 16. Ke2 Qb6 17. Nxb7 Qxb7 18. Nd1 O-O 19. g3 Bd8 20. Ne3 Bb6 21. Rhf1 Rac8 22. Rac1 1/2-1/2

[Event "2BLW 2324 SF Lieme - SV Koblenz"]
[Site "?"]
[Date "2024.02.24"]
[Round "7.8"]
[White "Schulte, Oliver"]
[Black "Bohn, Thomas"]
[Result "1/2-1/2"]
[WhiteElo "2085"]
[BlackElo "2305"]
[PlyCount "37"]
[EventDate "2024.??.??"]

1. d4 e6 2. Nc3 Nf6 3. Bf4 d5 4. Nb5 Na6 5. e3 c6 6. Nc3 Qb6 7. Bxa6 Qxa6 8. Qd3 b6 9. Nf3 Be7 10. Ne5 Qb7 11. g4 Nd7 12. Nf3 Qa6 13. g5 Qxd3 14. cxd3 Ba6 15. Kd2 f6 16. Rhg1 Kf7 17. h4 Rac8 18. h5 Rhe8 19. h6 1/2-1/2

[Event "2BLW 2324 SV Werder Bremen II - Bad Emst"]
[Site "?"]
[Date "2024.02.24"]
[Round "7.1"]
[White "Galperin, Platon"]
[Black "Nyback, Tomi"]
[Result "1/2-1/2"]
[WhiteElo "2558"]
[BlackElo "2581"]
[PlyCount "67"]
[EventDate "2024.??.??"]

1. Nf3 Nf6 2. c4 g6 3. Nc3 Bg7 4. e4 e5 5. Nxe5 O-O 6. d3 Nxe4 7. dxe4 Bxe5 8. Bh6 Re8 9. Qd2 d6 10. O-O-O Nd7 11. h4 Nc5 12. h5 c6 13. hxg6 fxg6 14. f4 Bf6 15. f5 gxf5 16. Rh5 Nxe4 17. Nxe4 Rxe4 18. Bd3 Rg4 19. Rdh1 Qe7 20. Bf4 Bd7 21. Rxh7 Qxh7 22. Rxh7 Kxh7 23. Be2 Rxg2 24. Qxd6 Bg7 25. Bf3 Rg1+ 26. Kc2 Be8 27. Qe7 b6 28. Be5 Rg6 29. Qb7 Rd8 30. Qxa7 b5 31. Qe7 Rc8 32. Qb7 Rd8 33. Qe7 Rc8 34. Qb7 1/2-1/2

[Event "2BLW 2324 SV Werder Bremen II - Bad Emst"]
[Site "?"]
[Date "2024.02.24"]
[Round "7.2"]
[White "Colbow, Collin"]
[Black "Peng, Li Min"]
[Result "1/2-1/2"]
[WhiteElo "2376"]
[BlackElo "2562"]
[PlyCount "36"]
[EventDate "2024.??.??"]

1. e4 e5 2. Nf3 Nc6 3. Bc4 Nf6 4. d3 Bc5 5. a4 d5 6. exd5 Nxd5 7. h3 O-O 8. O-O Nde7 9. a5 a6 10. c3 Ng6 11. Nbd2 h6 12. Ne4 Ba7 13. Re1 Be6 14. Bxe6 fxe6 15. Be3 Nf4 16. Bxa7 Rxa7 17. d4 exd4 18. Nxd4 Nxd4 1/2-1/2

[Event "2BLW 2324 SV Werder Bremen II - Bad Emst"]
[Site "?"]
[Date "2024.02.24"]
[Round "7.3"]
[White "Vetoshko, Volodymyr"]
[Black "Meins, Gerlef"]
[Result "1/2-1/2"]
[WhiteElo "2529"]
[BlackElo "2395"]
[PlyCount "39"]
[EventDate "2024.??.??"]

1. c4 c5 2. Nc3 Nc6 3. g3 g6 4. Bg2 Bg7 5. Nf3 d6 6. O-O Nf6 7. a3 a6 8. Rb1 Be6 9. d3 Rb8 10. b4 cxb4 11. axb4 b5 12. cxb5 axb5 13. Ng5 Bd7 14. Nge4 Nxe4 15. Nxe4 O-O 16. Bb2 Ne5 17. Qd2 Qb6 18. h3 Rfc8 19. Kh2 Bc6 20. Rbc1 1/2-1/2

[Event "2BLW 2324 SV Werder Bremen II - Bad Emst"]
[Site "?"]
[Date "2024.02.24"]
[Round "7.4"]
[White "Lobzhanidze, Davit"]
[Black "Sivuk, Vitaly"]
[Result "0-1"]
[WhiteElo "2403"]
[BlackElo "2520"]
[PlyCount "130"]
[EventDate "2024.??.??"]

1. e4 c6 2. Nf3 d5 3. d3 g6 4. Nbd2 Bg7 5. g3 e5 6. Bg2 Ne7 7. O-O O-O 8. c3 a5 9. Re1 Nd7 10. d4 exd4 11. Nxd4 Nc5 12. Qc2 a4 13. exd5 Nxd5 14. Nc4 Bxd4 15. cxd4 Bf5 16. Qd1 Nd3 17. Re2 a3 18. Rd2 axb2 19. Bxb2 Nxb2 20. Rxb2 Ra7 21. Qd2 Re8 22. Re1 Rxe1+ 23. Qxe1 Ra4 24. Ne3 Nxe3 25. fxe3 Qe7 26. Qf2 Ra3 27. Rb3 Rxb3 28. axb3 Be6 29. d5 Bxd5 30. Bxd5 cxd5 31. Qd2 Qe4 32. Qc3 b5 33. Qc8+ Kg7 34. Qc3+ Kh6 35. b4 Kg5 36. Qd2 Kf5 37. Qf2+ Ke6 38. Qd2 f6 39. Qc3 Qc4 40. Qb2 g5 41. Kf2 h5 42. Kg1 h4 43. gxh4 Qg4+ 44. Kf2 Qxh4+ 45. Kg2 Qg4+ 46. Kf2 Qh3 47. Qa3 Qxh2+ 48. Kf1 Qh3+ 49. Kf2 Qh4+ 50. Kg2 Qc4 51. Kf2 Ke5 52. Qa7 Qxb4 53. Qc7+ Qd6 54. Qc8 Qe6 55. Qc3+ Kf5 56. Qd3+ Qe4 57. Qxb5 Kg4 58. Qe2+ Kh4 59. Qb2 Qf5+ 60. Ke1 Qf3 61. Qd4+ Kh3 62. Qa7 g4 63. Qh7+ Kg2 64. Kd2 g3 65. Qh6 Kf2 0-1

[Event "2BLW 2324 SV Werder Bremen II - Bad Emst"]
[Site "?"]
[Date "2024.02.24"]
[Round "7.5"]
[White "Bogdanov, Egor"]
[Black "Joachim, Sven"]
[Result "1/2-1/2"]
[WhiteElo "2420"]
[BlackElo "2391"]
[PlyCount "42"]
[EventDate "2024.??.??"]

1. e4 e5 2. Bc4 Nf6 3. d3 c6 4. Nf3 Be7 5. O-O d6 6. a4 O-O 7. Re1 Nbd7 8. Nc3 b6 9. Bg5 a6 10. Ba2 Rb8 11. d4 b5 12. axb5 axb5 13. b4 Qc7 14. Qd3 h6 15. Bh4 exd4 16. Nxd4 Ne5 17. Qe2 Ng6 18. Bg3 Re8 19. Rad1 Bf8 20. Qd2 Nh5 21. Re3 Ne5 1/2-1/2

[Event "2BLW 2324 SV Werder Bremen II - Bad Emst"]
[Site "?"]
[Date "2024.02.24"]
[Round "7.6"]
[White "Richter, Christian"]
[Black "Prokofiev, Valentyn"]
[Result "1/2-1/2"]
[WhiteElo "2356"]
[BlackElo "2340"]
[PlyCount "113"]
[EventDate "2024.??.??"]

1. d4 Nf6 2. c4 e6 3. Nf3 d5 4. Nc3 a6 5. cxd5 exd5 6. Bf4 Bd6 7. e3 Bxf4 8. exf4 Bg4 9. Qa4+ c6 10. Ne5 Qb6 11. Rb1 Bf5 12. Bd3 Bxd3 13. Nxd3 O-O 14. O-O Nbd7 15. Ne5 Rfe8 16. Nxd7 Nxd7 17. Nxd5 cxd5 18. Qxd7 Rad8 19. Qa4 Re4 20. Rfd1 Rxf4 21. Rd2 Re4 22. Rf1 h6 23. g3 h5 24. Qd1 h4 25. f3 Re3 26. Re1 Rde8 27. Rxe3 Rxe3 28. Kf2 Re7 29. Qc2 Qe6 30. g4 Qe3+ 31. Kg2 g6 32. Qd1 Kg7 33. Rc2 Qf4 34. Rd2 f5 35. gxf5 Qxf5 36. Rd3 h3+ 37. Kf1 Qg5 38. Qd2 Qg2+ 39. Qxg2 hxg2+ 40. Kxg2 Re2+ 41. Kg3 Rxb2 42. a3 Kf6 43. h4 a5 44. Rc3 a4 45. Rc5 Rb3 46. Rxd5 Rxa3 47. Ra5 Ra1 48. Rb5 a3 49. Kf4 a2 50. Rb6+ Ke7 51. Rxb7+ Kd6 52. Ra7 Kc6 53. Ra8 Kb5 54. d5 Kc5 55. Ra5+ Kd6 56. Ra8 Kxd5 57. Ra7 1/2-1/2

[Event "2BLW 2324 SV Werder Bremen II - Bad Emst"]
[Site "?"]
[Date "2024.02.24"]
[Round "7.7"]
[White "Rakhmangulova, Anastasiya"]
[Black "Ewert, Hannes"]
[Result "1/2-1/2"]
[WhiteElo "2309"]
[BlackElo "2245"]
[PlyCount "87"]
[EventDate "2024.??.??"]

1. e4 e5 2. Nf3 Nc6 3. Bb5 a6 4. Ba4 Nf6 5. Nc3 b5 6. Bb3 Be7 7. d3 d6 8. a4 b4 9. Nd5 Be6 10. a5 O-O 11. Bd2 Rb8 12. O-O Qc8 13. Qe1 Bg4 14. Nxe7+ Nxe7 15. Nh4 c5 16. f4 Be6 17. fxe5 dxe5 18. Bg5 Ng6 19. Bxf6 gxf6 20. Nf5 Kh8 21. Bc4 Bxc4 22. Nd6 Qe6 23. Nxc4 Rg8 24. Kh1 b3 25. g3 bxc2 26. Rc1 Rb3 27. Qe2 Rd8 28. Rf3 Qd7 29. Rxc2 Rxd3 30. Rxd3 Qxd3 31. Qxd3 Rxd3 32. Nb6 Rb3 33. Na4 Rb4 34. Nxc5 Rb5 35. Nxa6 Rxa5 36. Nc5 Nf8 37. Kg2 Kg7 38. b4 Rb5 39. Rb2 Ne6 40. Nxe6+ fxe6 41. Kf3 Kg6 42. Ke3 f5 43. Kd3 Kg5 44. h3 1/2-1/2

[Event "2BLW 2324 SV Werder Bremen II - Bad Emst"]
[Site "?"]
[Date "2024.02.24"]
[Round "7.8"]
[White "Chitsazian, Daniel"]
[Black "Tobak, Mikhail"]
[Result "0-1"]
[WhiteElo "2014"]
[BlackElo "2323"]
[PlyCount "94"]
[EventDate "2024.??.??"]

1. e4 e5 2. Nf3 Nf6 3. Nxe5 d6 4. Nf3 Nxe4 5. Qe2 Qe7 6. d3 Nf6 7. Bg5 Nbd7 8. Nc3 Qxe2+ 9. Bxe2 c6 10. O-O-O Be7 11. Rde1 O-O 12. Bd1 Bd8 13. d4 Ba5 14. Bd2 Nb6 15. b3 Bf5 16. Nh4 Be6 17. Ne4 Bxd2+ 18. Kxd2 Nxe4+ 19. Rxe4 a5 20. f4 a4 21. f5 axb3 22. axb3 Bd5 23. Re7 c5 24. c4 Ra2+ 25. Bc2 cxd4 26. Kd3 Bc6 27. Nf3 d5 28. Nxd4 dxc4+ 29. bxc4 Rd8 30. Bb3 Ra3 31. Rb1 Na4 32. Ke3 Nc5 33. Re5 Rxd4 34. Rxc5 Rd8 35. Kf4 Bxg2 36. Rd1 Re8 37. Re5 g5+ 38. fxg6 Rxe5 39. gxh7+ Kg7 40. Kxe5 Rxb3 41. Rd4 Re3+ 42. Kf4 Rh3 43. Ke5 Rh5+ 44. Kd6 Rxh2 45. Rg4+ Kxh7 46. Kd7 f5 47. Rg5 Be4 0-1

[Event "2BLW 2324 SG Porz - Düsseldorfer SK"]
[Site "?"]
[Date "2024.02.25"]
[Round "8.1"]
[White "Dominguez Perez, Leinier"]
[Black "Lutz, Christopher"]
[Result "1/2-1/2"]
[WhiteElo "2752"]
[BlackElo "2523"]
[PlyCount "100"]
[EventDate "2024.??.??"]

1. e4 c5 2. Nf3 e6 3. d4 cxd4 4. Nxd4 Nc6 5. Nc3 Qc7 6. Be3 a6 7. Qf3 h5 8. Nxc6 Qxc6 9. Bd3 b5 10. O-O-O Bb7 11. Rhe1 Be7 12. Bd4 Nf6 13. a3 Qc7 14. h3 Rc8 15. Qe3 h4 16. f4 b4 17. axb4 Bxb4 18. Kb1 Rh5 19. g4 hxg3 20. Qxg3 Bc5 21. Be5 d6 22. Bxf6 gxf6 23. Qg7 Bb4 24. Nd5 Rxd5 25. exd5 Bxd5 26. Qxf6 Bxe1 27. Rxe1 Qa5 28. Re2 Qa2+ 29. Kc1 Qa1+ 30. Kd2 Qa5+ 31. Kc1 Qa1+ 32. Kd2 Qa5+ 33. c3 Qa2 34. Ke3 Qa1 35. Qg5 Rc5 36. Qg8+ Ke7 37. Qg5+ Kd7 38. Qf6 Ke8 39. Qh8+ Kd7 40. Qf6 Ke8 41. Qh8+ Kd7 42. Qg7 Qc1+ 43. Rd2 Kc6 44. Be2 f5 45. Qg3 Be4 46. Qg8 Kb7 47. Qg7+ Rc7 48. Qg8 Rc5 49. Qg7+ Rc7 50. Qg8 Rc5 1/2-1/2